000 00299nam a2200133Ia 4500
100 _aSimms
942 _cBK
654 _aWork Analysis
245 _aProject Net Work Analysis & Critical Path
260 _bMachinery Publication & co
_c2001
082 _a658.4
300 _a98
546 _aENGLISH
999 _c19451
_d19451